01154nam a2200241Ia 4500001000600000003000900006008004100015040001300056040001300069041001300082100001700095100002900112245006700141245006700208250001100275260001200286260002900298260004900327300005600376500041600432650003300848650003100881A4987IT-RoPAU130308s9999 xx 000 0 und d aIT-RoPAU cIT-RoPAU aITALIANO aIsola Gianni gCodice Aut. SPICS: 33263 aImmagine del suono (L')-I primi vent'anni della radio italiana bImmagine del Suono (L')-I Primi vent'anni della Radio Italiana a1a ed. aFIRENZE bCasa Editrice Le Lettere c1991 [1° Ed.:1991 - Ed.Ling.Originale:1991] a"208 p. (prefazione: 32; testo: 176 [pagine: 0-0])" aOrigini della Radio. Regime. Famiglia. Bambini. Radio in Automobile. Pubblicità. Programmi. protagonisti e Divi. Design. Verso la Guerra. Trasmissioni per le forze Armate. varie Illustrazioni a Colori e in bianco e Nero. Storia della Radio che Inizio' le Trasmissioni la Sera del 6 Ottobre 1924. inizio di un Processo che Avrebbe Modificato in Profondità Abitudini e costumi della Famiglia e della Societa'. aSTORIA NAZIONALE DELLA RADIO eCodice materia Spics: 6909